Top 10 najgorętszych stanów USA - Statystyki

Ogólne statystyki
  • Ten quiz został rozwiązany 246 razy
    146 od ostatniego zresetowania
  • Średni wynik to 7 z 10
Statystyki odpowiedzi
Stan °C % Poprawnych
Teksas 18,8
92%
Floryda 21,9
89%
Arizona 16,1
87%
Hawaje 23,1
75%
Alabama 17,6
69%
Luizjana 19,5
64%
Georgia 17,9
63%
Karolina Południowa 17,4
62%
Missisipi 17,9
49%
Arkansas 16,1
42%
Nie znaleziono quizów pasujących do podanych kryteriów
Rozkład punktacji
Procent ludzi z każdym wynikiem
Percentyl według liczby udzielonych odpowiedzi
Twoja historia wyników
Nie rozwiązałeś tego quizu od ostatniego zresetowania